| 000 | 00886cam a22002653a 4500 | ||
|---|---|---|---|
| 001 | 29949 | ||
| 003 | PGUSA | ||
| 005 | 20140828083639.0 | ||
| 008 | 090910s2009||||xxu|||||s|||||000 | eng d | ||
| 040 |
_aPGUSA _beng |
||
| 042 | _adc | ||
| 050 | 4 | _aE300 | |
| 100 | 1 |
_aWashington, George, _d1732-1799 |
|
| 245 | 1 | 0 |
_aWashington's Masonic Correspondence : _bAs Found among the Washington Papers in the Library of Congress _h[electronic resource] / _cGeorge Washington |
| 260 |
_bProject Gutenberg, _c2009 |
||
| 506 | _aPublic domain in the USA. | ||
| 516 | _aElectronic text | ||
| 653 | _aFreemasons | ||
| 653 | _aWashington, George, 1732-1799 -- Freemasonry | ||
| 653 | _aWashington, George, 1732-1799 -- Correspondence | ||
| 700 | 1 |
_aSachse, Julius Friedrich, _d1842-1919 |
|
| 830 | 0 |
_aProject Gutenberg _v29949 |
|
| 856 | 4 | 0 | _uhttp://www.gutenberg.org/ebooks/29949 |
| 942 | _cEB | ||
| 999 |
_c259204 _d259204 |
||